James Gunn Filmography - Statistics

General Stats
  • This quiz has been taken 36 times
    20 since last reset
  • The average score is 40 of 121
Answer Stats
Type Year Name % Correct
Film Cameo | Film Director | Film Screenplay 2014 Guardians of the Galaxy
95%
Film Acting Role | Film Director | Film Screenplay 2010 Super
95%
Film Director | Film Screenplay 2025 Superman
95%
Film Director | Film Screenplay 2017 Guardians of the Galaxy Vol. 2
89%
Film Cameo | Film Director | Film Screenplay 2023 Guardians of the Galaxy Vol. 3
89%
Film Director | Film Screenplay 2021 The Suicide Squad
84%
Web Series Creator | Web Series Director | Web Series Production | Web Series Writer 2022-Present Peacemaker
74%
Web Series Production | Web Series Writer 2024-2025 Creature Commandos
63%
Film Screenplay | Film Story 2002 Scooby-Doo
63%
Film Cameo | Film Director | Film Screenplay 2006 Slither
63%
Film Production | Film Screenplay 2004 Scooby-Doo 2: Monsters Unleashed
58%
Film Production 2019 Avengers: Endgame
53%
Film Production 2018 Avengers: Infinity War
53%
Film Production 2019 Brightburn
47%
Film Production 2026 Clayface
47%
Web Special Director | Web Special Production | Web Special Writer 2022 The Guardians of the Galaxy Holiday Special
47%
Film Screenplay 2004 Dawn of the Dead
42%
Web Series Production 2026 Lanterns
42%
TV Show Acting Role 2025 Rick and Morty
42%
Film Production 2026 Supergirl
42%
Film Cameo | Film Screenplay 1996 Tromeo and Juliet
42%
Web Series Acting Role | Web Series Production 2022 I Am Groot
37%
Film Director | Film Screenplay 2013 Movie 43
37%
Film Production 2027 The Batman Part II
37%
Web Series Production TBA Booster Gold
32%
Film Production | Film Screenplay 2016 The Belko Experiment
32%
TV Show Acting Role | Web Series Creator | Web Series Director | +2 others 2008-2009 PG Porn
26%
Film Story 2026 Coyote vs. Acme
21%
Film Cameo 2003 Melvin Goes to Dinner
21%
Film Production TBA Sgt. Rock
21%
TV Show Production 2024 Beast Boy: Lone Wolf
16%
Film Cameo 2000 Citizen Toxie: The Toxic Avenger IV
16%
Web Series Acting Role 2015 Con Man
16%
Film Production 2026 Coyote vs. Acme
16%
Web Mini-Series Production 2025 DC Metal Force
16%
Film Acting Role 2003 Doggie Tails, Vol. 1: Lucky's First Sleep-Over
16%
Film Production 2028 Dynamic Duo
16%
Web Series Acting Role 2022 Harley Quinn
16%
TV Show Acting Role 2013 Holliston
16%
TV Show Acting Role | TV Show Creator | TV Show Director | +2 others 2008 Humanzee!
16%
Music Video 2017 Inferno
16%
Video Game Acting Role 2013 LocoCycle
16%
Film Acting Role | Film Production | Film Screenplay 2004 LolliLove
16%
TV Short Acting Role | TV Short Director | TV Short Writer 1997 Sgt. Kabukiman Public Service Announcement
16%
TV Show Director | TV Show Production | TV Show Writer 2008 Sparky & Mikaela
16%
Film Production TBA Teen Titans
16%
Film Production TBA The Brave and the Bold
16%
Film Acting Role 2003 The Ghouls
16%
Film Acting Role | Film Production | Film Screenplay 2000 The Specials
16%
TV Show Acting Role | TV Show Director | TV Show Writer 1997 The Tromaville Café
16%
Short Film Screenplay 2004 Tube
16%
Web Series Production TBA Waller
16%
Short Film Director | Short Film Screenplay 1997 Hamster PSA
11%
Short Film Production 2008 Blue Like You
5%
Short Film Production 2008 Doggie Heaven
5%
Short Film Production 2005 El Kuervo
5%
Short Film Production 2008 Fairy Tale Police
5%
Short Film Production 2012 Lollipop Chainsaw: Zom-Be-Gone
5%
TV Show Production 2009 Post Apocalyptic Pizza
5%
Video Game Production 2024 Suicide Squad: Kill the Justice League
5%
Film Cameo 2004 Tales from the Crapper
5%
Web Series Acting Role 2013 Team Unicorn
5%
Short Film Production 2003 The Man Who Invented the Moon
5%
Short Film Production 2008 The Miracle of Phil
5%
TV Show Director | TV Show Writer 2000 Troma's Edge TV
5%
TV Show Acting Role 2012 Breaking In
0%
TV Show Writer 2010 Du hard ou du cochon!
0%
Short Documentary Appearance 2014 Guide to the Galaxy with James Gunn
0%
Documentary Mini-Series Appearance 2018 James Cameron's Story of Science Fiction
0%
Documentary Series Appearance 2023 Marvel Studios: Assembled
0%
TV Show Appearance 2008 Scream Queens
0%
Documentary Mini-Series Appearance 2023 Superpowered: The DC Story
0%
TV Show Appearance 2011 Talking Dead
0%
TV Show Appearance 2017 The Bachelor
0%
Documentary Mini-Series Appearance 2019 The Imagineering Story
0%
Short Film Screenplay 2004 The Lost Tape: Andy's Terrifying Last Days Revealed
0%
Short Film Screenplay 2004 The Swidge
0%
TV Show Appearance 2021 Wipeout
0%
No matching quizzes found
Score Distribution
Percent of People with Each Score
Percentile by Number Answered
Your Score History
You have not taken this quiz since the last reset